[Event "Foxwoods op U2000"]
[Site "Connecticut"]
[Date "2000.04.23"]
[Round "7"]
[White "Hakobian, Armen"]
[Black "Eberhardt, Erwin"]
[Result "1-0"]
[WhiteElo "1363"]
[BlackElo "1379"]
[PlyCount "53"]
[EventDate "2000.04.20"]
[EventType "swiss"]
[EventRounds "7"]
[EventCountry "USA"]
[SourceTitle "EXT 2008"]
[Source "ChessBase"]
[SourceDate "2007.11.25"]
[SourceVersion "1"]
[SourceVersionDate "2007.11.25"]
[SourceQuality "1"]

1. e4 e5 2. Nf3 Nc6 3. Bb5 Nd4 4. Nxd4 exd4 5. d3 Bb4+ 6. Bd2 Qe7 7. 0-0 Bxd2 8. Nxd2 c6 9. Bc4 d6 10. f4 Be6 11. Qf3 Bxc4 12. Nxc4 0-0-0 13. e5 d5 14. Nd6+ Kb8 15. b4 Nh6 16. b5 f6 17. bxc6 bxc6 18. Rab1+ Ka8 19. Rb7 Rd7 20. Rxd7 Qxd7 21. Qf2 c5 22. h3 Rf8 23. Qe2 fxe5 24. Qxe5 Qc6 25. Rb1 Ng8 26. Qxg7 Rd8 27. Nb5 1-0